| 000 | 00595nam a2200205Ia 4500 | ||
|---|---|---|---|
| 003 | GCL | ||
| 008 | 140319s9999 xx 000 0 eng d | ||
| 040 |
_aGCL / _cGCL |
||
| 082 | 0 | 4 |
_a683.83 _bT E |
| 100 | 1 | _aMACDONNEL, H. E. (ILLU.) | |
| 245 | 1 | 0 |
_aELECTRICAL INSTALLATION TECHNOLOGY / _cMACDONNEL, H. E. (ILLU.) |
| 700 | 1 | _aTHOMPSON, F. G. | |
| 260 |
_a[S.N] : _bLONGMAN ، _c1983 |
||
| 300 | _a404 P | ||
| 650 | 0 | 4 | _aالتحليل الرياضى |
| 650 | 0 | 4 | _aELECTRIC INSALATORS AND INSALATION |
| 650 | 0 | 4 | _aELECTRIC ENGINEERING |
| 650 | 0 | 4 | _aELECTRIC INSTALLATION |
| 942 |
_2ddc _cBK |
||
| 999 |
_c19794 _d19794 |
||